Political Hinduism The religious imagination in public spheres (Record no. 31324)
[ view plain ]
| 000 -LEADER | |
|---|---|
| fixed length control field | 01021cam a2200253 a 4500 |
| 005 - DATE AND TIME OF LATEST TRANSACTION | |
| control field | 20060719195018.0 |
| 008 - FIXED-LENGTH DATA ELEMENTS--GENERAL INFORMATION | |
| fixed length control field | 950309s1994 ii a b 001 0ceng |
| 010 ## - LCCN (DPL NO) | |
| LC control number | ENG-95314 |
| 020 ## - INTERNATIONAL STANDARD BOOK NUMBER | |
| International Standard Book Number | 9780198064183 |
| Terms of availability | 650.00 |
| 020 ## - INTERNATIONAL STANDARD BOOK NUMBER | |
| International Standard Book Number | 0198064187 |
| Terms of availability | 650.00 |
| 035 ## - SYSTEM CONTROL NUMBER | |
| System control number | EN-78847 |
| 037 ## - SOURCE OF ACQUISITION | |
| Stock number | DBAD/PUB |
| 040 ## - CATALOGING SOURCE | |
| Original cataloging agency | DPL |
| 245 ## - TITLE STATEMENT | |
| Title | Political Hinduism The religious imagination in public spheres |
| Statement of responsibility, etc | edited by Vinay Lal |
| 260 ## - PUBLICATION, DISTRIBUTION, ETC. (IMPRINT) | |
| Place of publication, distribution, etc | New Delhi : |
| Name of publisher, distributor, etc | Oxford University Press, |
| Date of publication, distribution, etc | 2009 |
| 300 ## - PHYSICAL DESCRIPTION | |
| Extent | vi, 287 p. : |
| Dimensions | 22 cm.(Hb) |
| 500 ## - GENERAL NOTE | |
| General note | "Centre of Advanced Study in History, Aligarh Muslim University." |
| 504 ## - BIBLIOGRAPHY, ETC. NOTE | |
| Bibliography, etc | Includes indexes. |
| 710 ## - ADDED ENTRY--CORPORATE NAME | |
| Corporate name or jurisdiction name as entry element | Aligarh Muslim University. |
| Subordinate unit | Centre of Advanced Study in History. |
| 856 ## - ELECTRONIC LOCATION AND ACCESS | |
| Uniform Resource Identifier | <a href="http://www.loc.gov/catdir/enhancements/fy0605/94906723-d.html">http://www.loc.gov/catdir/enhancements/fy0605/94906723-d.html</a> |
| 942 ## - ADDED ENTRY ELEMENTS (KOHA) | |
| Source of classification or shelving scheme | Dewey Decimal Classification |
| Item type | English Books |
| Call number suffix | LAL |
| Withdrawn status | Lost status | Source of classification or shelving scheme | Damaged status | Not for loan | Collection code | Home library | Current library | Date acquired | Source of acquisition | Cost, normal purchase price | Total Checkouts | Full call number | Barcode | Date last seen | Copy number | Cost, replacement price | Koha item type |
|---|---|---|---|---|---|---|---|---|---|---|---|---|---|---|---|---|---|
| Dewey Decimal Classification | Not For Loan | Non-fiction | D.B.Act.Division | D.B.Act.Division | 04/11/2009 | DBAD / PUB | 650.00 | LAL | EN-78847 | 04/11/2009 | 1 | 650.00 | English Books |
